L'été s'appelle Julie / (Record no. 18162)
[ view plain ]
| 000 -CABECERA | |
|---|---|
| campo de control de longitud fija | 00675cam a2200229 a 4500 |
| 001 - NÚMERO DE CONTROL | |
| campo de control | 000018642 |
| 005 - FECHA Y HORA DE LA ÚLTIMA TRANSACCIÓN | |
| campo de control | 20200929165832.0 |
| 008 - DATOS DE LONGITUD FIJA--INFORMACIÓN GENERAL | |
| campo de control de longitud fija | 750929s1975 xxc 000 d fre d |
| 020 ## - NÚMERO INTERNACIONAL ESTÁNDAR DEL LIBRO | |
| Número Internacional Estándar del Libro | 0776100424 |
| 040 ## - FUENTE DE LA CATALOGACIÓN | |
| Centro catalogador/agencia de origen | DO-SdBNP |
| Lengua de catalogación | fre |
| Centro/agencia transcriptor | LC |
| Centro/agencia modificador | BNGR |
| 082 ## - NÚMERO DE LA CLASIFICACIÓN DECIMAL DEWEY | |
| Número de clasificación | 842.914 |
| Número de documento/Ítem | D814e |
| 049 ## - FONDOS LOCALES (OCLC) | |
| Fondos de biblioteca | BNGR |
| 100 1# - ENTRADA PRINCIPAL--NOMBRE DE PERSONA | |
| Nombre de persona | Dubé, Marcel, |
| Fechas asociadas al nombre | 1930- |
| 9 (RLIN) | 40277 |
| 245 12 - MENCIÓN DE TÍTULO | |
| Título | L'été s'appelle Julie / |
| Mención de responsabilidad, etc. | Marcel Dubé. |
| 260 ## - PUBLICACIÓN, DISTRIBUCIÓN, ETC. | |
| Lugar de publicación, distribución, etc. | Ottawa : |
| Nombre del editor, distribuidor, etc. | Leméac, |
| Fecha de publicación, distribución, etc. | 1975. |
| 300 ## - DESCRIPCIÓN FÍSICA | |
| Extensión | xiii, 154 p. ; |
| Dimensiones | 20 cm. |
| 490 1# - MENCIÓN DE SERIE | |
| Mención de serie | Théátre/Leméac |
| 650 #4 - PUNTO DE ACCESO ADICIONAL DE MATERIA--TÉRMINO DE MATERIA | |
| Término de materia o nombre geográfico como elemento de entrada | Teatro canadiense |
| 9 (RLIN) | 39715 |
| 650 #4 - PUNTO DE ACCESO ADICIONAL DE MATERIA--TÉRMINO DE MATERIA | |
| Término de materia o nombre geográfico como elemento de entrada | Literatura canadiense |
| Subdivisión cronológica | SIGLO XX |
| 9 (RLIN) | 7991 |
| 830 #0 - PUNTO DE ACCESO ADICIONAL DE SERIE-TÍTULO UNIFORME | |
| Título uniforme | Théátre/Leméac |
| 9 (RLIN) | 40278 |
| 910 ## - DATOS DE OPCIÓN DEL USUARIO (OCLC) | |
| Datos de opción del usuario | Catalogación derivada / LC |
| Estado de retiro | Estado de pérdida | Restricciones de uso | No para préstamo | Código de colección | Localización permanente | Ubicación/localización actual | Ubicación en estantería | Fecha de adquisición | Número de inventario | Total de préstamos | Signatura topográfica completa | Código de barras | Fecha visto por última vez | Precio válido a partir de | Tipo de ítem Koha |
|---|---|---|---|---|---|---|---|---|---|---|---|---|---|---|---|
| Préstamo interno | Monografías: Libros y Folletos | General | General | En catalogación | 12.05.2010 | LF1 | 842.914 D814e | 18642-10 | 25.06.2020 | 25.06.2020 | Préstamo interno |
